ARRUPE JESUIT UNIVERSITY

CORONAVIRUS -STOP THE SPREAD - CLEAN,DISINFECT,COVER
Normal view MARC view

Entry Personal Name

Number of records used in: 1

001 - CONTROL NUMBER

  • control field: 21107

003 - CONTROL NUMBER IDENTIFIER

  • control field: ARRUPE

005 - DATE AND TIME OF LATEST TRANSACTION

  • control field: 20151112150524.0

008 - FIXED-LENGTH DATA ELEMENTS

  • fixed length control field: 151112|| aca||aabn | a|a d

040 ## - CATALOGING SOURCE

  • Original cataloging agency: ARRUPE
  • Transcribing agency: ARRUPE

100 ## - HEADING--PERSONAL NAME

  • Personal name: Vico, Giambattista,
  • Dates associated with a name: 1668-1744
  • General subdivision: Contributions in the origin of language.

670 ## - SOURCE DATA FOUND

  • Source citation: Work cat.: (ARRUPE)0: Danesi, Marcel, 1946- 21106, Vico, metaphor, and the origin of language /, c1993.

 

Arrupe Library. PO Box MP320 Mt Pleasant, Harare, Zimbabwe
263 242 745411|librarian@aju.ac.zw